<?xml version="1.0" encoding="UTF-8"?>
<marc:record xmlns:marc="http://www.loc.gov/MARC21/slim">
   <marc:leader>00000nam a2200000 a 4500</marc:leader>
   <marc:datafield ind1="0" ind2="0" tag="245">
      <marc:subfield code="a">Die große Flugschau</marc:subfield>
   </marc:datafield>
   <marc:datafield ind1=" " ind2="1" tag="264">
      <marc:subfield code="a">Hamburg</marc:subfield>
      <marc:subfield code="b">Universal Film GmbH</marc:subfield>
      <marc:subfield code="c">2007</marc:subfield>
   </marc:datafield>
   <marc:datafield ind1="1" ind2=" " tag="490">
      <marc:subfield code="a">In einem Land vor unserer Zeit</marc:subfield>
   </marc:datafield>
   <marc:datafield ind1="1" ind2=" " tag="520">
      <marc:subfield code="a">Littlefoot und seine kleinen Dino-Freunde aus dem "Großen Tal" machen die Bekanntschaft eines neu hinzugezogenen Dinosauriers namens Guido, dessen Körper von seltsamen "Wuscheln" - also Federn - bedeckt ist. Guido weiß Rat, als der junge Flugsaurier Petrie nicht bei den Vorbereitungen zum alljährlichen "Tag der Flieger" mitmachen mag. Er fliegt nämlich viel lieber alleine als in einer strengen Formation mit seinen Geschwistern. Doch auch Guido hat ein Problem: Er will unbedingt herausfinden, was für ein Saurier er ist. Natürlich begleiten ihn die anderen kleinen Dinos bei seiner aufregenden Reise ins "Mysteriöse Jenseits"...</marc:subfield>
   </marc:datafield>
   <marc:datafield ind1="0" ind2=" " tag="490">
      <marc:subfield code="v">0</marc:subfield>
   </marc:datafield>
   <marc:datafield ind1=" " ind2=" " tag="300">
      <marc:subfield code="a">1 DVD (PAL, Ländercode 2, ca. 77 Min.)</marc:subfield>
   </marc:datafield>
</marc:record>
